000 00785nam a2200181Ia 4500
008 100920s9999 xx 000 0 und d
082 _b60825
_a61 थ 58
100 _aमंगरूळकर अरविंद, अर्जुनवाडकर कृष्ण श्रीनिवास.
245 _aमराठी : घटना, रचना, परंपरा.
260 _bदेशमुख प्रकाशन , पुणे.
_c1958
300 _a550
_bसाधी
365 _b5
520 _aस्थानिक वाचन.
630 _aमराठी : घटना, रचना, परंपरा.
650 _aस्थानिक वाचन.
730 _aमराठी : घटना, रचना, परंपरा.
942 _cBOOK
999 _c704075
_d704072